Notes of a native son / (Record no. 349656)
[ view plain ]
| 000 -LEADER | |
|---|---|
| fixed length control field | 02121cam a2200445 a 4500 |
| 001 - CONTROL NUMBER | |
| control field | 794603960 |
| 003 - CONTROL NUMBER IDENTIFIER | |
| control field | OCoLC |
| 005 - DATE AND TIME OF LATEST TRANSACTION | |
| control field | 20200429125811.0 |
| 008 - FIXED-LENGTH DATA ELEMENTS--GENERAL INFORMATION | |
| fixed length control field | 120530s2012 mau b 000 0 eng |
| 010 ## - LIBRARY OF CONGRESS CONTROL NUMBER | |
| LC control number | 2012021246 |
| 020 ## - INTERNATIONAL STANDARD BOOK NUMBER | |
| International Standard Book Number | 9780807006115 |
| Qualifying information | (cloth ; |
| -- | acid-free paper) |
| 020 ## - INTERNATIONAL STANDARD BOOK NUMBER | |
| International Standard Book Number | 0807006114 |
| Qualifying information | (cloth ; |
| -- | acid-free paper) |
| 020 ## - INTERNATIONAL STANDARD BOOK NUMBER | |
| International Standard Book Number | 9780807006238 |
| Qualifying information | (pbk. ; |
| -- | acid-free paper) |
| 020 ## - INTERNATIONAL STANDARD BOOK NUMBER | |
| International Standard Book Number | 0807006238 |
| Qualifying information | (pbk. ; |
| -- | acid-free paper) |
| 035 ## - SYSTEM CONTROL NUMBER | |
| System control number | (OCoLC)794603960 |
| Canceled/invalid control number | (OCoLC)779665557 |
| -- | (OCoLC)841028026 |
| 040 ## - CATALOGING SOURCE | |
| Original cataloging agency | DLC |
| Language of cataloging | eng |
| Transcribing agency | DLC |
| Modifying agency | YDX |
| -- | YDXCP |
| -- | YDD |
| -- | BTCTA |
| -- | UKMGB |
| -- | BWX |
| -- | IGP |
| -- | CDX |
| -- | NNF |
| -- | OCLCF |
| -- | AZU |
| -- | OCLCQ |
| Description conventions | rda |
| 042 ## - AUTHENTICATION CODE | |
| Authentication code | pcc |
| 043 ## - GEOGRAPHIC AREA CODE | |
| Geographic area code | n-us--- |
| 050 00 - LIBRARY OF CONGRESS CALL NUMBER | |
| Classification number | E185.61 |
| Item number | .B2 2012 |
| 092 ## - LOCALLY ASSIGNED DEWEY CALL NUMBER (OCLC) | |
| Classification number | F Baldwin |
| 100 1# - MAIN ENTRY--PERSONAL NAME | |
| Personal name | Baldwin, James, |
| Dates associated with a name | 1924-1987. |
| 9 (RLIN) | 8715 |
| 245 10 - TITLE STATEMENT | |
| Title | Notes of a native son / |
| Statement of responsibility, etc | James Baldwin ; with a new introduction by Edward P. Jones. |
| 250 ## - EDITION STATEMENT | |
| Edition statement | Revised ed. |
| 260 ## - PUBLICATION, DISTRIBUTION, ETC. (IMPRINT) | |
| Place of publication, distribution, etc | Boston : |
| Name of publisher, distributor, etc | Beacon Press, |
| Date of publication, distribution, etc | ©2012. |
| 264 ## - Production, Publication, Distribution, Manufacture, and Copyright Notice. | |
| Place of production, publication, distribution, manufacture | Boston, MA : |
| Name of producer, publisher, distributor, manufacturer | Beacon Press, |
| Date of production, publication, distribution, manufacture, or copyr | [2012] ©2012 |
| 300 ## - PHYSICAL DESCRIPTION | |
| Extent | xxiv, 179 pages ; |
| Dimensions | 23 cm. |
| 336 ## - Content Type | |
| Content type term | text |
| 337 ## - Media type | |
| Media type term | unmediated |
| 338 ## - Carrier type | |
| Carrier type term | volume |
| 504 ## - BIBLIOGRAPHY, ETC. NOTE | |
| Bibliography, etc | Includes bibliographical references. |
| 505 00 - FORMATTED CONTENTS NOTE | |
| Title | Introduction / |
| Statement of responsibility | Edward P. Jones -- |
| Title | Acknowledgments -- |
| -- | Preface to the 1984 Edition -- |
| -- | Autobiographical Notes -- |
| Miscellaneous information | Part 1. |
| Title | Everybody's Protest Novel -- |
| -- | Many Thousands Gone -- |
| -- | Carmen Jones: The Dark Is Light Enough -- |
| Miscellaneous information | Part 2. |
| Title | The Harlem Ghetto -- |
| -- | Journey to Atlanta -- |
| -- | Notes of a Native Son -- |
| Miscellaneous information | Part 3. |
| Title | Encounter on the Seine: Black Meets Brown -- |
| -- | A Question of Identity -- |
| -- | Equal in Paris -- |
| -- | Stranger in the Village. |
| 520 ## - SUMMARY, ETC. | |
| Summary, etc | The author shares his views of black thought and the conditions of black life in America during the 1940's and early 1950's. |
| 600 10 - SUBJECT ADDED ENTRY--PERSONAL NAME | |
| Personal name | Baldwin, James, |
| Dates associated with a name | 1924-1987. |
| 9 (RLIN) | 8715 |
| 650 #0 - SUBJECT ADDED ENTRY--TOPICAL TERM | |
| Topical term or geographic name as entry element | African Americans |
| General subdivision | Civil rights. |
| 9 (RLIN) | 78901 |
| 650 #0 - SUBJECT ADDED ENTRY--TOPICAL TERM | |
| Topical term or geographic name as entry element | African Americans |
| General subdivision | Social conditions |
| Chronological subdivision | To 1964. |
| 9 (RLIN) | 78916 |
| 651 #0 - SUBJECT ADDED ENTRY--GEOGRAPHIC NAME | |
| Geographic name | United States |
| General subdivision | Race relations. |
| 9 (RLIN) | 93291 |
| 700 1# - ADDED ENTRY--PERSONAL NAME | |
| Personal name | Jones, Edward P. |
| 9 (RLIN) | 36426 |
| 907 ## - LOCAL DATA ELEMENT G, LDG (RLIN) | |
| a | .b31553610x |
| 942 ## - ADDED ENTRY ELEMENTS (KOHA) | |
| Source of classification or shelving scheme | Dewey Decimal Classification |
| Koha item type | BOOK |
| Withdrawn status | Lost status | Source of classification or shelving scheme | Damaged status | Not for loan | Collection code | Home library | Current library | Shelving location | Date acquired | Source of acquisition | Total Checkouts | Total Renewals | Full call number | Barcode | Date last seen | Date checked out | Cost, replacement price | Price effective from | Koha item type |
|---|---|---|---|---|---|---|---|---|---|---|---|---|---|---|---|---|---|---|---|
| Dewey Decimal Classification | Fiction | Wasatch County Library | Wasatch County Library | First Floor | 04/29/2020 | Baker & Taylor | 2 | 1 | F Baldwin | 34301001686239 | 02/29/2024 | 03/28/2023 | 27.95 | 04/29/2020 | BOOK |
